000 00420nam a2200145Ia 4500
008 230917s9999||||xx |||||||||||||| ||und||
040 _e70497
_aMAIN
041 _aEnglish
082 _a338.13 D451P
100 _aDesai, B M
245 0 _aProject approach in agricultural financing: a study of the Gujrat state cooperative land development bank
260 _aAhmedabad
_bI I M
_c1981
300 _a64 p.
942 _cBK
999 _c229355
_d229355